000 00465nam a2200193Ia 4500
005 20240823040758.0
008 240823s9999||||xx |||||||||||||| ||und||
020 _a978-93-80578-11-8
041 _aENGLISH
082 _A671 Q1
100 _aAshraf S M
245 2 _aA Laboratory Manual of Metals & Alloys
250 _a2nd
260 _c2011
_bI K International Pub.
500 _aYES
650 _aMetals & Alloys
_bCivil
942 _cBK
999 _c203928
_d203928